000 01332nam0a22002651 4500
001 rc\281398
005 20030307120705.8
010 _a5-229-00619-6
_9900
035 _a(NLR Aleph) 005508545
090 _a5381497
_c5381497
100 _a20030307d1990 u |0rusy50 ca
101 0 _arus
102 _aRU
105 _aa |||||||||
200 1 _aОхрана окружающей среды при техническом перевооружении черной металлургии
_eТемат. сб. науч. тр.
_fНауч.-произв. об-ние по защите атмосферы, водоемов, использ. вторич. энергоресурсов и охлаждению металлург. агрегатов на предприятиях чер. металлургии (НПО "Энергосталь")
_g[Отв. ред. Р.К. Велецкий]
210 _aМ.
_cМеталлургия
_d1990
215 _a96 с.
_cил.
_d21
320 _aБиблиогр. в конце ст.
702 1 _aВелецкий
_bР. К.
_gРуслан Константинович
_4340
712 0 2 _a"Энергосталь", науч.-произв. об-ние
_cМосква
_3RU\NLR\AUTH\8810012051
801 0 _aRU
_bNLR
_gpsbo
801 1 _aRU
_bELAR
_2rusmarc
852 _aNLR
_j90-4/17487
942 _cBOOK
980 _aNB